[Event "DVM U12w 2024"]
[Site "Bad Homburg GER"]
[Date "2024.12.28"]
[Round "4"]
[White "Bayer, Klara"]
[Black "Busch, Lara Sophie"]
[Result "1/2-1/2"]
[Termination "normal"]
[Board "4.1"]
[WhiteElo "1618"]
[BlackElo "1626"]
[WhiteClock "00:14:31"]
[BlackClock "00:10:19"]
[WhiteTeam "TSG Oberschöneweide"]
[BlackTeam "SchVgg Blankenese 1923"]
[PlyCount "72"]
[WhiteFideId "34658955"]
[BlackFideId "34664866"]
[EventCountry "GER"]
[EventRounds "7"]
[EventType "team-swiss"]
[EventDate "2024.12.26"]

1. Nf3 {[%clk 01:30:56]} {[%emt 00:00:03]} Nf6 {[%clk 01:30:01]} {[%emt
00:01:00]} 2. d4 {[%clk 01:31:15]} {[%emt 00:00:11]} d5 {[%clk 01:30:12]}
{[%emt 00:00:18]} 3. c4 {[%clk 01:31:30]} {[%emt 00:00:15]} c6 {[%clk
01:30:28]} {[%emt 00:00:15]} 4. Nc3 {[%clk 01:31:37]} {[%emt 00:00:23]} dxc4
{[%clk 01:30:17]} {[%emt 00:00:41]} 5. Bf4 {[%clk 01:31:44]} {[%emt 00:00:22]}
e6 {[%clk 01:30:17]} {[%emt 00:00:31]} 6. e3 {[%clk 01:31:56]} {[%emt
00:00:18]} b5 {[%clk 01:30:30]} {[%emt 00:00:17]} 7. Ne5 {[%clk 01:31:56]}
{[%emt 00:00:30]} Bb4 {[%clk 01:30:27]} {[%emt 00:00:33]} 8. a3 {[%clk
01:12:14]} {[%emt 00:20:12]} Bxc3+ {[%clk 01:30:54]} {[%emt 00:00:03]} 9. bxc3
{[%clk 01:12:37]} {[%emt 00:00:07]} Qa5 {[%clk 01:25:42]} {[%emt 00:05:42]} 10.
Qd2 {[%clk 01:08:42]} {[%emt 00:04:25]} Ne4 {[%clk 01:23:41]} {[%emt 00:02:32]}
11. Qc2 {[%clk 01:08:22]} {[%emt 00:00:49]} Qxc3+ {[%clk 01:21:50]} {[%emt
00:02:20]} 12. Qxc3 {[%clk 01:08:48]} {[%emt 00:00:04]} Nxc3 {[%clk 01:22:19]}
{[%emt 00:00:01]} 13. Rc1 {[%clk 01:08:27]} {[%emt 00:00:51]} Nd5 {[%clk
01:21:14]} {[%emt 00:01:35]} 14. g3 {[%clk 01:06:18]} {[%emt 00:02:40]} f6
{[%clk 01:12:20]} {[%emt 00:09:24]} 15. Nf3 {[%clk 01:03:56]} {[%emt 00:02:51]}
Nd7 {[%clk 01:08:19]} {[%emt 00:04:31]} 16. Bd6 {[%clk 01:01:51]} {[%emt
00:02:35]} Bb7 {[%clk 01:04:35]} {[%emt 00:04:14]} 17. Be2 {[%clk 01:00:40]}
{[%emt 00:01:41]} a5 {[%clk 01:01:26]} {[%emt 00:03:39]} 18. O-O {[%clk
01:00:03]} {[%emt 00:01:07]} Kf7 {[%clk 00:56:44]} {[%emt 00:05:12]} 19. Rc2
{[%clk 00:57:37]} {[%emt 00:02:56]} Rhc8 {[%clk 00:51:34]} {[%emt 00:05:39]}
20. Rb1 {[%clk 00:56:38]} {[%emt 00:01:30]} Ba6 {[%clk 00:50:21]} {[%emt
00:01:42]} 21. Nd2 {[%clk 00:53:05]} {[%emt 00:04:03]} Ra7 {[%clk 00:45:24]}
{[%emt 00:05:28]} 22. Ne4 {[%clk 00:49:39]} {[%emt 00:03:56]} Rca8 {[%clk
00:41:55]} {[%emt 00:03:58]} 23. Kg2 {[%clk 00:45:23]} {[%emt 00:04:47]} h6
{[%clk 00:41:36]} {[%emt 00:00:48]} 24. Bh5+ {[%clk 00:44:49]} {[%emt
00:01:05]} g6 {[%clk 00:41:07]} {[%emt 00:01:00]} 25. Be2 {[%clk 00:45:06]}
{[%emt 00:00:12]} f5 {[%clk 00:35:58]} {[%emt 00:05:39]} 26. Nd2 {[%clk
00:44:33]} {[%emt 00:01:03]} N5b6 {[%clk 00:31:17]} {[%emt 00:05:11]} 27. Nf3
{[%clk 00:41:22]} {[%emt 00:03:42]} g5 {[%clk 00:23:58]} {[%emt 00:07:49]} 28.
h3 {[%clk 00:38:19]} {[%emt 00:03:33]} Bb7 {[%clk 00:22:48]} {[%emt 00:01:40]}
29. Kh2 {[%clk 00:36:01]} {[%emt 00:02:48]} Rc8 {[%clk 00:19:53]} {[%emt
00:03:24]} 30. Rcc1 {[%clk 00:32:43]} {[%emt 00:03:49]} Kg6 {[%clk 00:18:38]}
{[%emt 00:01:45]} 31. Be7 {[%clk 00:24:34]} {[%emt 00:08:36]} Nd5 {[%clk
00:16:55]} {[%emt 00:02:16]} 32. Bd6 {[%clk 00:24:54]} {[%emt 00:00:10]} N5f6
{[%clk 00:15:53]} {[%emt 00:01:32]} 33. Nd2 {[%clk 00:18:22]} {[%emt 00:07:02]}
Nb6 {[%clk 00:14:33]} {[%emt 00:01:50]} 34. Bc5 {[%clk 00:16:48]} {[%emt
00:02:03]} Ra6 {[%clk 00:15:01]} {[%emt 00:00:02]} 35. Nxc4 {[%clk 00:14:08]}
{[%emt 00:03:11]} Nxc4 {[%clk 00:14:33]} {[%emt 00:00:57]} 36. Bxc4 {[%clk
00:14:31]} {[%emt 00:00:07]} Ne4 {[%clk 00:10:19]} {[%emt 00:04:44]} 1/2-1/2

[Event "DVM U12w 2024"]
[Site "Bad Homburg GER"]
[Date "2024.12.28"]
[Round "4"]
[White "Du, Vivian"]
[Black "Ruddat, Maila"]
[Result "0-1"]
[Termination "normal"]
[Board "4.2"]
[WhiteElo "1144"]
[BlackElo "1486"]
[WhiteClock "01:24:17"]
[BlackClock "01:25:23"]
[WhiteTeam "SchVgg Blankenese 1923"]
[BlackTeam "TSG Oberschöneweide"]
[PlyCount "56"]
[WhiteFideId "533025924"]
[BlackFideId "34628100"]
[EventCountry "GER"]
[EventRounds "7"]
[EventType "team-swiss"]
[EventDate "2024.12.26"]

1. e4 {[%clk 01:30:58]} e5 {[%clk 01:30:24]} {[%emt 00:00:34]} 2. Nf3 {[%clk
01:31:20]} {[%emt 00:00:10]} Nc6 {[%clk 01:30:21]} {[%emt 00:00:33]} 3. Bc4
{[%clk 01:31:39]} {[%emt 00:00:11]} Nf6 {[%clk 01:30:17]} {[%emt 00:00:34]} 4.
d3 {[%clk 01:31:51]} {[%emt 00:00:19]} Bc5 {[%clk 01:30:11]} {[%emt 00:00:34]}
5. O-O {[%clk 01:32:02]} {[%emt 00:00:20]} d6 {[%clk 01:30:21]} {[%emt
00:00:19]} 6. h3 {[%clk 01:32:05]} {[%emt 00:00:29]} Be6 {[%clk 01:30:20]}
{[%emt 00:00:30]} 7. Bb3 {[%clk 01:32:20]} {[%emt 00:00:15]} Qd7 {[%clk
01:29:36]} {[%emt 00:01:12]} 8. Be3 {[%clk 01:32:03]} {[%emt 00:00:50]} Bb6
{[%clk 01:29:41]} {[%emt 00:00:22]} 9. c3 {[%clk 01:31:56]} {[%emt 00:00:40]}
h6 {[%clk 01:29:35]} {[%emt 00:00:35]} 10. Nbd2 {[%clk 01:31:30]} {[%emt
00:00:57]} g5 {[%clk 01:26:26]} {[%emt 00:03:39]} 11. Nh2 {[%clk 01:30:08]}
{[%emt 00:01:52]} O-O-O {[%clk 01:26:18]} {[%emt 00:00:36]} 12. Bxb6 {[%clk
01:30:11]} {[%emt 00:00:28]} cxb6 {[%clk 01:26:05]} {[%emt 00:00:43]} 13. Qf3
{[%clk 01:29:28]} {[%emt 00:01:12]} Qe7 {[%clk 01:24:30]} {[%emt 00:02:02]} 14.
a4 {[%clk 01:29:08]} {[%emt 00:00:54]} h5 {[%clk 01:24:03]} {[%emt 00:00:55]}
15. Bxe6+ {[%clk 01:29:25]} {[%emt 00:00:16]} Qxe6 {[%clk 01:24:19]} {[%emt
00:00:13]} 16. b4 {[%clk 01:29:35]} {[%emt 00:00:21]} g4 {[%clk 01:24:29]}
{[%emt 00:00:18]} 17. hxg4 {[%clk 01:29:55]} {[%emt 00:00:11]} hxg4 {[%clk
01:24:48]} {[%emt 00:00:10]} 18. Qf5 {[%clk 01:29:09]} {[%emt 00:01:17]} Rh6
{[%clk 01:24:12]} {[%emt 00:00:59]} 19. Qxe6+ {[%clk 01:29:01]} {[%emt
00:00:45]} fxe6 {[%clk 01:24:34]} {[%emt 00:00:08]} 20. b5 {[%clk 01:29:20]}
{[%emt 00:00:11]} Ne7 {[%clk 01:24:58]} {[%emt 00:00:05]} 21. a5 {[%clk
01:28:51]} {[%emt 00:00:59]} Kc7 {[%clk 01:24:33]} {[%emt 00:00:53]} 22. axb6+
{[%clk 01:28:36]} {[%emt 00:00:47]} axb6 {[%clk 01:24:43]} {[%emt 00:00:20]}
23. d4 {[%clk 01:25:18]} {[%emt 00:03:48]} Rdh8 {[%clk 01:24:46]} {[%emt
00:00:25]} 24. dxe5 {[%clk 01:24:45]} {[%emt 00:01:05]} Rxh2 {[%clk 01:25:03]}
{[%emt 00:00:12]} 25. exd6+ {[%clk 01:24:57]} {[%emt 00:00:18]} Kxd6 {[%clk
01:24:53]} {[%emt 00:00:39]} 26. e5+ {[%clk 01:24:56]} {[%emt 00:00:32]} Kc7
{[%clk 01:25:14]} {[%emt 00:00:06]} 27. g3 {[%clk 01:23:49]} {[%emt 00:01:40]}
Rh1+ {[%clk 01:25:31]} {[%emt 00:00:11]} 28. Kg2 {[%clk 01:24:17]} {[%emt
00:00:04]} R8h2# {[%clk 01:25:23]} {[%emt 00:00:06]} 0-1

[Event "DVM U12w 2024"]
[Site "Bad Homburg GER"]
[Date "2024.12.28"]
[Round "4"]
[White "He, Siqi"]
[Black "Yamshchikova, Oleksandra"]
[Result "0-1"]
[Termination "normal"]
[Board "4.4"]
[WhiteElo "870"]
[BlackElo "974"]
[WhiteClock "01:41:03"]
[BlackClock "01:21:31"]
[WhiteTeam "SchVgg Blankenese 1923"]
[BlackTeam "TSG Oberschöneweide"]
[PlyCount "132"]
[WhiteFideId "34682708"]
[BlackFideId "34171118"]
[EventCountry "GER"]
[EventRounds "7"]
[EventType "team-swiss"]
[EventDate "2024.12.26"]

1. e4 {[%clk 01:30:56]} {[%emt 00:00:03]} e5 {[%clk 01:30:56]} {[%emt
00:00:04]} 2. Nf3 {[%clk 01:31:20]} {[%emt 00:00:07]} Nc6 {[%clk 01:31:19]}
{[%emt 00:00:07]} 3. Bc4 {[%clk 01:31:43]} {[%emt 00:00:06]} Bc5 {[%clk
01:31:41]} {[%emt 00:00:08]} 4. d3 {[%clk 01:32:08]} {[%emt 00:00:05]} h6
{[%clk 01:31:55]} {[%emt 00:00:15]} 5. Nc3 {[%clk 01:32:31]} {[%emt 00:00:08]}
Nf6 {[%clk 01:32:15]} {[%emt 00:00:09]} 6. O-O {[%clk 01:32:55]} {[%emt
00:00:06]} O-O {[%clk 01:32:38]} {[%emt 00:00:07]} 7. a3 {[%clk 01:33:13]}
{[%emt 00:00:11]} d6 {[%clk 01:33:02]} {[%emt 00:00:06]} 8. h3 {[%clk
01:33:38]} {[%emt 00:00:05]} Be6 {[%clk 01:33:27]} {[%emt 00:00:06]} 9. Bb3
{[%clk 01:34:01]} {[%emt 00:00:07]} Re8 {[%clk 01:33:04]} {[%emt 00:00:53]} 10.
Ba4 {[%clk 01:34:20]} {[%emt 00:00:11]} a6 {[%clk 01:33:01]} {[%emt 00:00:33]}
11. Be3 {[%clk 01:34:35]} {[%emt 00:00:14]} Ba7 {[%clk 01:33:17]} {[%emt
00:00:14]} 12. d4 {[%clk 01:34:45]} {[%emt 00:00:20]} exd4 {[%clk 01:33:29]}
{[%emt 00:00:17]} 13. Bxd4 {[%clk 01:35:05]} {[%emt 00:00:12]} b5 {[%clk
01:33:30]} {[%emt 00:00:29]} 14. Bb3 {[%clk 01:35:23]} {[%emt 00:00:11]} d5 15.
exd5 {[%clk 01:35:08]} Bxd4 {[%clk 01:27:50]} {[%emt 00:02:53]} 16. Nxd4 {[%clk
01:35:12]} {[%emt 00:00:26]} Nxd4 {[%clk 01:27:46]} {[%emt 00:00:33]} 17. dxe6
{[%clk 01:35:23]} {[%emt 00:00:20]} Nxb3 {[%clk 01:27:10]} {[%emt 00:01:07]}
18. cxb3 {[%emt 00:02:08]} Qxd1 {[%clk 01:25:54]} {[%emt 00:00:09]} 19. Rfxd1
{[%clk 01:35:16]} {[%emt 00:00:35]} Rxe6 {[%clk 01:26:04]} {[%emt 00:00:20]}
20. a4 {[%clk 01:35:21]} {[%emt 00:00:26]} b4 {[%clk 01:26:09]} {[%emt
00:00:25]} 21. Nd5 {[%clk 01:35:33]} {[%emt 00:00:16]} Nxd5 {[%clk 01:26:12]}
{[%emt 00:00:28]} 22. Rxd5 {[%clk 01:35:52]} {[%emt 00:00:12]} c6 {[%clk
01:26:03]} {[%emt 00:00:38]} 23. Rd4 {[%clk 01:35:14]} {[%emt 00:00:39]} a5
{[%clk 01:26:25]} {[%emt 00:00:38]} 24. Rad1 {[%clk 01:35:14]} {[%emt
00:00:26]} Rae8 {[%clk 01:25:59]} {[%emt 00:00:59]} 25. Rd8 {[%clk 01:35:21]}
{[%emt 00:00:23]} R6e7 {[%clk 01:25:44]} {[%emt 00:00:46]} 26. Rxe8+ {[%clk
01:35:18]} {[%emt 00:00:32]} Rxe8 {[%clk 01:26:02]} {[%emt 00:00:12]} 27. Rd6
{[%clk 01:35:36]} {[%emt 00:00:12]} Re1+ {[%clk 01:25:54]} {[%emt 00:00:38]}
28. Kh2 {[%emt 00:05:54]} Rc1 {[%clk 01:20:32]} {[%emt 00:00:17]} 29. Rd8+
{[%clk 01:36:01]} {[%emt 00:00:17]} Kh7 {[%clk 01:20:48]} {[%emt 00:00:13]} 30.
Ra8 {[%clk 01:36:11]} {[%emt 00:00:19]} Rc5 {[%clk 01:21:05]} {[%emt 00:00:14]}
31. g4 {[%clk 01:36:07]} {[%emt 00:00:35]} Rc2 {[%clk 01:20:06]} {[%emt
00:01:29]} 32. Rxa5 {[%clk 01:36:10]} {[%emt 00:00:26]} Rxf2+ {[%clk 01:20:20]}
{[%emt 00:00:16]} 33. Kg3 {[%clk 01:36:13]} {[%emt 00:00:27]} Rxb2 {[%clk
01:20:05]} {[%emt 00:00:45]} 34. Ra6 {[%clk 01:36:11]} {[%emt 00:00:33]} Rxb3+
{[%clk 01:20:17]} {[%emt 00:00:18]} 35. Kf2 {[%clk 01:36:19]} Rb2+ {[%clk
01:20:38]} {[%emt 00:03:59]} 36. Ra5 {[%clk 01:35:41]} Rc2+ {[%clk 01:20:14]}
{[%emt 00:01:54]} 37. Kg3 {[%clk 01:35:57]} b3 {[%clk 01:20:35]} {[%emt
00:00:22]} 38. Ra8 {[%clk 01:36:20]} b2 {[%clk 01:20:53]} {[%emt 00:00:20]} 39.
a5 {[%clk 01:36:45]} Rc3+ {[%clk 01:21:07]} {[%emt 00:00:21]} 40. Rb8 {[%clk
01:36:25]} Ra3+ {[%clk 01:21:18]} {[%emt 00:02:32]} 41. Kf2 {[%clk 01:37:19]}
Ra4 42. Rxb2 Rxa5 {[%clk 01:21:17]} 43. Ke3 {[%clk 01:37:30]} {[%emt 00:00:19]}
Re5+ {[%clk 01:21:06]} {[%emt 00:00:41]} 44. Kd4 {[%clk 01:37:46]} {[%emt
00:00:13]} Rd5+ {[%clk 01:21:15]} {[%emt 00:00:22]} 45. Kc4 {[%clk 01:37:55]}
{[%emt 00:00:20]} Ra5 {[%clk 01:19:33]} {[%emt 00:02:12]} 46. Kb4 {[%clk
01:38:06]} {[%emt 00:00:19]} Rb5+ {[%clk 01:19:53]} {[%emt 00:00:10]} 47. Kc3
{[%clk 01:38:26]} {[%emt 00:00:10]} Rxb2 {[%clk 01:20:13]} {[%emt 00:00:10]}
48. Kxb2 {[%emt 00:00:10]} h5 {[%emt 00:01:27]} 49. gxh5 {[%clk 01:36:58]}
{[%emt 00:00:21]} Kh6 {[%clk 01:20:29]} {[%emt 00:00:13]} 50. Kc3 {[%clk
01:37:16]} {[%emt 00:00:13]} Kxh5 {[%clk 01:20:50]} 51. Kd4 {[%clk 01:37:35]}
{[%emt 00:00:20]} Kh4 {[%clk 01:20:56]} {[%emt 00:00:24]} 52. Ke5 {[%clk
01:38:13]} {[%emt 00:00:22]} Kxh3 {[%clk 01:21:07]} 53. Kd6 {[%clk 01:38:13]}
g5 {[%clk 01:21:07]} 54. Ke5 {[%clk 01:38:13]} g4 {[%clk 01:21:07]} 55. Kf4
{[%clk 01:38:13]} g3 {[%clk 01:21:07]} 56. Kf3 {[%clk 01:38:13]} g2 {[%clk
01:21:07]} 57. Ke3 {[%clk 01:38:13]} g1=Q+ {[%clk 01:21:07]} 58. Kf3 {[%clk
01:38:13]} Qg3+ {[%clk 01:21:07]} 59. Ke4 {[%clk 01:38:13]} f6 {[%clk
01:21:07]} 60. Kf5 {[%clk 01:38:13]} Qe5+ {[%clk 01:21:07]} 61. Kg6 {[%clk
01:38:13]} Qg5+ {[%clk 01:21:07]} 62. Kf7 {[%clk 01:38:13]} Qe5 {[%clk
01:22:18]} {[%emt 00:08:44]} 63. Kg7 {[%clk 01:40:42]} {[%emt 00:00:39]} Kg4
{[%clk 01:22:08]} 64. Kf7 {[%clk 01:40:59]} {[%emt 00:01:09]} Kg5 {[%clk
01:21:56]} 65. Kf8 {[%clk 01:41:09]} {[%emt 00:01:01]} Kg6 {[%clk 01:21:41]}
{[%emt 00:00:44]} 66. Kg8 {[%clk 01:41:03]} {[%emt 00:00:37]} Qe8# {[%clk
01:21:31]} {[%emt 00:00:09]} 0-1

[Event "DVM U12w 2024"]
[Site "Bad Homburg GER"]
[Date "2024.12.28"]
[Round "4"]
[White "Brandt, Thea"]
[Black "Bykov, Sophia"]
[Result "0-1"]
[Termination "normal"]
[Board "6.3"]
[WhiteElo "794"]
[BlackElo "1033"]
[WhiteClock "01:28:15"]
[BlackClock "01:10:09"]
[WhiteTeam "SG Porz 2"]
[BlackTeam "Karlsruher SF 1853"]
[PlyCount "40"]
[WhiteFideId "34682015"]
[BlackFideId "34630104"]
[EventCountry "GER"]
[EventRounds "7"]
[EventType "team-swiss"]
[EventDate "2024.12.26"]

1. e4 {[%clk 01:30:57]} {[%emt 00:00:02]} e5 {[%clk 01:30:56]} {[%emt
00:00:05]} 2. Nf3 {[%clk 01:31:21]} {[%emt 00:00:06]} Nc6 {[%clk 01:31:20]}
{[%emt 00:00:07]} 3. Bc4 {[%clk 01:31:44]} {[%emt 00:00:06]} Bc5 {[%clk
01:31:32]} {[%emt 00:00:18]} 4. d3 {[%clk 01:32:05]} {[%emt 00:00:09]} d6
{[%clk 01:31:38]} {[%emt 00:00:24]} 5. O-O {[%clk 01:32:30]} {[%emt 00:00:06]}
Bg4 {[%clk 01:32:02]} {[%emt 00:00:07]} 6. Nc3 {[%clk 01:32:12]} {[%emt
00:00:48]} Nd4 {[%clk 01:31:38]} {[%emt 00:00:54]} 7. Kh1 {[%clk 01:30:47]}
{[%emt 00:01:55]} Bxf3 {[%clk 01:31:10]} {[%emt 00:00:57]} 8. gxf3 {[%clk
01:31:08]} {[%emt 00:00:09]} Qf6 {[%clk 01:30:46]} {[%emt 00:00:50]} 9. Rg1
{[%clk 01:31:31]} {[%emt 00:00:11]} Nxf3 {[%clk 01:29:20]} {[%emt 00:01:55]}
10. Rg3 {[%clk 01:31:42]} {[%emt 00:00:20]} Nh4 {[%clk 01:24:35]} {[%emt
00:05:15]} 11. Bg5 {[%clk 01:32:00]} {[%emt 00:00:12]} Qxf2 {[%clk 01:20:39]}
{[%emt 00:04:25]} 12. Bxh4 {[%clk 01:32:00]} {[%emt 00:00:32]} Nf6 {[%clk
01:18:11]} {[%emt 00:02:57]} 13. Rh3 {[%clk 01:29:28]} {[%emt 00:03:02]} Qf4
{[%clk 01:17:08]} {[%emt 00:01:30]} 14. Ne2 {[%clk 01:29:38]} {[%emt 00:00:23]}
Qg4 {[%clk 01:15:44]} {[%emt 00:01:50]} 15. Qf1 {[%clk 01:29:16]} {[%emt
00:00:56]} O-O-O {[%clk 01:14:01]} {[%emt 00:02:13]} 16. Bxf6 {[%clk 01:27:23]}
{[%emt 00:02:23]} gxf6 {[%clk 01:13:47]} {[%emt 00:00:44]} 17. Qxf6 {[%clk
01:27:35]} {[%emt 00:00:18]} Qxh3 {[%clk 01:13:29]} {[%emt 00:00:47]} 18. Qxf7
{[%clk 01:27:58]} {[%emt 00:00:08]} Rhf8 {[%clk 01:11:56]} {[%emt 00:01:48]}
19. Be6+ {[%clk 01:28:15]} {[%emt 00:00:29]} Kb8 {[%clk 01:12:12]} {[%emt
00:00:06]} 20. Qe7 {[%emt 00:02:10]} Qf3# {[%clk 01:10:09]} 0-1

[Event "DVM U12w 2024"]
[Site "Bad Homburg GER"]
[Date "2024.12.28"]
[Round "4"]
[White "Lorenz, Mina"]
[Black "Scarlat-Timofte, Elena"]
[Result "1-0"]
[Termination "normal"]
[Board "7.4"]
[WhiteElo "776"]
[BlackElo "1024"]
[WhiteClock "00:51:38"]
[BlackClock "00:33:11"]
[WhiteTeam "Schachzwerge Magdeburg"]
[BlackTeam "USV TU Dresden"]
[PlyCount "45"]
[WhiteFideId "533025908"]
[BlackFideId "34693530"]
[EventCountry "GER"]
[EventRounds "7"]
[EventType "team-swiss"]
[EventDate "2024.12.26"]

1. e4 {[%clk 01:30:57]} {[%emt 00:00:02]} e5 {[%clk 01:30:55]} {[%emt
00:00:05]} 2. Nf3 {[%clk 01:31:18]} {[%emt 00:00:10]} Nc6 {[%clk 01:31:21]}
{[%emt 00:00:04]} 3. Bc4 {[%clk 01:31:41]} {[%emt 00:00:07]} Nf6 {[%clk
01:31:41]} {[%emt 00:00:10]} 4. d3 {[%clk 01:31:58]} {[%emt 00:00:12]} Bc5
{[%clk 01:31:46]} {[%emt 00:00:25]} 5. Nc3 {[%clk 01:31:17]} {[%emt 00:01:11]}
O-O {[%clk 01:31:21]} {[%emt 00:00:55]} 6. Bg5 {[%clk 01:31:34]} {[%emt
00:00:13]} d6 {[%clk 01:30:48]} {[%emt 00:01:03]} 7. Qd2 {[%clk 01:30:54]}
{[%emt 00:01:10]} Na5 {[%clk 01:29:15]} {[%emt 00:02:04]} 8. Nd5 {[%clk
01:22:43]} {[%emt 00:08:40]} Nc6 {[%clk 01:23:17]} {[%emt 00:06:29]} 9. Nxf6+
{[%clk 01:21:31]} {[%emt 00:01:43]} gxf6 {[%clk 01:22:59]} {[%emt 00:00:48]}
10. Bh6 {[%clk 01:20:30]} {[%emt 00:01:31]} Re8 {[%clk 01:22:45]} {[%emt
00:00:45]} 11. h3 {[%clk 01:18:51]} {[%emt 00:02:09]} Bb4 {[%clk 01:20:43]}
{[%emt 00:02:32]} 12. c3 {[%clk 01:17:54]} {[%emt 00:01:26]} Ba5 {[%clk
01:16:01]} {[%emt 00:05:13]} 13. g4 {[%clk 01:17:18]} {[%emt 00:01:05]} Qd7
{[%clk 01:03:16]} {[%emt 00:13:14]} 14. g5 {[%clk 01:16:07]} {[%emt 00:01:42]}
f5 {[%clk 01:02:53]} {[%emt 00:00:53]} 15. g6 {[%clk 01:13:31]} {[%emt
00:03:05]} hxg6 {[%clk 01:01:40]} {[%emt 00:02:57]} 16. Rg1 {[%clk 01:15:09]}
{[%emt 00:00:27]} Kh8 {[%clk 01:00:30]} {[%emt 00:01:40]} 17. Qg5 {[%clk
01:13:18]} {[%emt 00:02:20]} Rg8 {[%clk 00:56:50]} {[%emt 00:04:10]} 18. Nh4
{[%clk 01:09:34]} {[%emt 00:04:16]} Ne7 {[%clk 00:54:47]} {[%emt 00:02:28]} 19.
Bxf7 {[%clk 01:05:41]} {[%emt 00:04:27]} Kh7 {[%clk 00:52:08]} {[%emt
00:03:09]} 20. Qf6 {[%clk 00:54:27]} {[%emt 00:11:45]} b6 {[%clk 00:33:40]}
{[%emt 00:18:57]} 21. Bxg8+ {[%clk 00:53:52]} {[%emt 00:01:05]} Nxg8 {[%clk
00:33:17]} {[%emt 00:00:53]} 22. Qxg6+ {[%clk 00:51:32]} {[%emt 00:02:52]} Kh8
{[%clk 00:33:11]} {[%emt 00:00:35]} 23. Qxg8# {[%clk 00:51:38]} {[%emt
00:00:24]} 1-0

[Event "DVM U12w 2024"]
[Site "Bad Homburg GER"]
[Date "2024.12.28"]
[Round "4"]
[White "Ising, Svea"]
[Black "Lange, Lene Marie"]
[Result "1-0"]
[Termination "normal"]
[Board "8.2"]
[WhiteElo "1221"]
[BlackElo "1501"]
[WhiteClock "00:25:35"]
[BlackClock "00:51:25"]
[WhiteTeam "SF Brackel 1930"]
[BlackTeam "SK König Plauen"]
[PlyCount "45"]
[WhiteFideId "34634070"]
[BlackFideId "34639748"]
[EventCountry "GER"]
[EventRounds "7"]
[EventType "team-swiss"]
[EventDate "2024.12.26"]

1. e4 {[%clk 01:30:58]} {[%emt 00:00:03]} e5 {[%clk 01:30:49]} {[%emt
00:00:11]} 2. Nf3 {[%clk 01:31:20]} {[%emt 00:00:07]} Nf6 {[%clk 01:30:59]}
{[%emt 00:00:19]} 3. Nxe5 {[%clk 01:31:32]} {[%emt 00:00:18]} d6 {[%clk
01:31:22]} {[%emt 00:00:08]} 4. Nf3 {[%clk 01:31:46]} {[%emt 00:00:15]} Nxe4
{[%clk 01:31:45]} {[%emt 00:00:08]} 5. d4 {[%clk 01:32:01]} {[%emt 00:00:15]}
d5 {[%clk 01:31:08]} {[%emt 00:01:07]} 6. Bd3 {[%clk 01:32:12]} {[%emt
00:00:19]} Nf6 {[%clk 01:31:26]} {[%emt 00:00:12]} 7. Bf4 {[%clk 01:31:12]}
{[%emt 00:01:29]} Nc6 {[%clk 01:30:43]} {[%emt 00:01:14]} 8. h3 {[%clk
01:28:46]} {[%emt 00:02:56]} Bd6 {[%clk 01:30:30]} {[%emt 00:00:43]} 9. Bg5
{[%clk 01:27:18]} {[%emt 00:01:58]} Be7 {[%clk 01:28:25]} {[%emt 00:02:36]} 10.
Qe2 {[%clk 01:25:12]} {[%emt 00:02:35]} O-O {[%clk 01:27:17]} {[%emt 00:01:38]}
11. O-O {[%clk 01:24:15]} {[%emt 00:01:27]} Re8 {[%clk 01:26:28]} {[%emt
00:01:19]} 12. Re1 {[%clk 01:18:44]} {[%emt 00:06:01]} Be6 {[%clk 01:22:56]}
{[%emt 00:04:01]} 13. Nc3 {[%clk 01:13:21]} {[%emt 00:05:54]} a6 {[%clk
01:18:35]} {[%emt 00:04:51]} 14. Qe3 {[%clk 01:01:31]} {[%emt 00:12:20]} Qd6
{[%clk 01:11:27]} {[%emt 00:07:38]} 15. Nh4 {[%clk 00:52:17]} {[%emt 00:09:44]}
Qb4 {[%clk 01:07:11]} {[%emt 00:04:46]} 16. Nf5 {[%clk 00:37:58]} {[%emt
00:14:49]} Bxf5 {[%clk 01:01:23]} {[%emt 00:06:18]} 17. Bxf6 {[%clk 00:37:07]}
{[%emt 00:01:21]} Bxd3 {[%clk 00:59:42]} {[%emt 00:02:11]} 18. Nxd5 {[%emt
00:06:28]} Qd6 {[%clk 00:54:50]} {[%emt 00:05:20]} 19. Nxe7+ {[%clk 00:29:12]}
{[%emt 00:02:31]} Kf8 {[%clk 00:53:01]} {[%emt 00:02:19]} 20. Bxg7+ {[%clk
00:25:22]} {[%emt 00:04:20]} Kxg7 {[%clk 00:52:17]} {[%emt 00:01:14]} 21. Qg5+
{[%clk 00:25:43]} {[%emt 00:00:09]} Bg6 {[%clk 00:52:38]} {[%emt 00:00:09]} 22.
Nf5+ {[%clk 00:26:07]} {[%emt 00:00:06]} Kf8 {[%clk 00:51:25]} {[%emt
00:01:43]} 23. Qh6+ {[%clk 00:25:35]} {[%emt 00:01:02]} 1-0